Enchiridii Locorvm Commvnivm Theologicorvm, Rerum, Exemplorum, atq. Phrasium sacrarum; ex Avg. Marlorati Thesauro, & Christ. Obenhenii Promptuario, ab Isaaco L. Fegvernekino, Vngaro, collecti, Editio quinta,dil.recognita. Accessit Gemmvla Partitionum Theologicarum, auctore Amando Polano a Polansdorf

Bibliographic Details
Format: Book
Language:English
PhysicalDescription:655 s. [23] [28]
Published: Basileae [s.n.] [1604]

MARC

LEADER 00000nam a2200000 a 4500
001 vtls010456194
003 SK-MaSNL
005 20260223233631.0
008 121004 000 0 eng
040 |a SNK  |b slo  |c SNK  |e AACR2 
245 1 |a Enchiridii Locorvm Commvnivm Theologicorvm, Rerum, Exemplorum, atq. Phrasium sacrarum; ex Avg. Marlorati Thesauro, & Christ. Obenhenii Promptuario, ab Isaaco L. Fegvernekino, Vngaro, collecti, Editio quinta,dil.recognita. Accessit Gemmvla Partitionum Theologicarum, auctore Amando Polano a Polansdorf 
260 |a Basileae  |b [s.n.]  |c [1604] 
300 |a 655 s. [23] [28] 
999 |c 752152  |d 754082 
952 |a SNK  |b SNK  |y PREZ  |7 0  |p 17A0887762  |o snkID 18036  |i snkKIF 1953/57  |8 5  |3 Rekatalogizácia  |0 0  |1 0  |4 0  |d 2012-10-04  |l 0  |r 2026-02-23 23:36:31  |w 2026-02-23